Points Of View (Registro nro. 26049)
[ vista simple ]
| 000 -CABECERA | |
|---|---|
| Longitud fija campo de control | 00701nam a22002177a 4500 |
| 003 - IDENTIFICADOR DELl NÚMERO DE CONTROL | |
| Identificador del número de control | OSt |
| 005 - FECHA Y HORA DE LA ÚLTIMA TRANSACCIÓN | |
| Fecha y hora de la última transacción | 20190423110442.0 |
| 008 - CÓDIGOS DE INFORMACIÓN DE LONGITUD FIJA | |
| Códigos de información de longitud fija | 160927b usa eng |
| 020 ## - NÚMERO INTERNACIONAL NORMALIZADO PARA LIBROS | |
| Número Internacional Normalizado para Libros (ISBN) | 978-0-07-310681-6 |
| 040 ## - FUENTE DE LA CATALOGACIÓN | |
| Centro transcriptor | WolrdCat |
| Centro catalogador de origen | BMC |
| 082 ## - NÚMERO DE LA CLASIFICACIÓN DECIMAL DEWEY | |
| Númeroo de clasificación | 320.73 |
| 245 01 - MENCIÓN DE TÍTULO | |
| Título | Points Of View |
| Resto del título | : readings in American government and politics |
| Mención de responsabilidad, etc. | Roberto E. Diclerico, Allan S. Hammock, editors |
| 250 ## - MENCIÓN DE EDICIÓN | |
| Mención de edición | 10ª ed |
| 260 ## - PUBLICACIÓN, DISTRIBUCIÓN, ETC. (PIE DE IMPRENTA) | |
| Lugar de publicación, distribución, etc. | Boston [etc.] |
| Nombre del editor, distribuidor, etc. | McGraw-Hill |
| Fecha de publicación, distribución, etc. | 2007 |
| 300 ## - DESCRIPCIÓN FÍSICA | |
| Extensión | XVI, 316 p. |
| Dimensiones | 23 cm |
| 651 24 - PUNTO DE ACCESO ADICIONAL DE MATERIA - NOMBRE GEOGRÁFICO | |
| 9 (RLIN) | 5187 |
| Nombre geográfico | Estados Unidos |
| Subdivisión de materia general | Política y gobierno |
| 700 1# - PUNTO DE ACCESO ADICIONAL - NOMBRE DE PERSONA | |
| 9 (RLIN) | 39903 |
| Nombre de persona | DiClerico, Robert D. |
| 700 1# - PUNTO DE ACCESO ADICIONAL - NOMBRE DE PERSONA | |
| 9 (RLIN) | 39904 |
| Nombre de persona | Hammock, Allan S. |
| 852 ## - LOCALIZACIÓN | |
| Localización | American Space |
| Parte de la signatura que identifica al ejemplar | 320.73 POI |
| Número de copia | 4 ejemplares |
| 942 ## - ENTRADA DE ELEMENTOS AGREGADOS (KOHA) | |
| Fuente de clasificaión o esquema | Dewey Decimal Classification |
| Koha [por defecto] tipo de item | 1- Monografias |
| Suprimido | Perdido | Fuente de clasificación o esquema | Estropeado | Restricciones de uso | No para préstamo | Código de colección | Localización permanente | Localización actual | Localización en estanter&íacute;as | Fecha adquisición | Fuente de adquisición | Número de inventario | Préstamos totales | Signatura completa | Código de barras | Fecha última consulta | Fecha del precio de reemplazo | Tipo de item de Koha |
|---|---|---|---|---|---|---|---|---|---|---|---|---|---|---|---|---|---|---|
| NULL | NULL | Dewey Decimal Classification | NULL | Prestable | NULL | NULL | Biblioteca Centro Regional de Ilobasco | Biblioteca Centro Regional de Ilobasco | Sala Principal | 01/03/2013 | UNICAES | LI001847 | 320.73 POI | 1038395 | 27/09/2016 | 27/09/2016 | 1- Monografias | |
| NULL | NULL | Dewey Decimal Classification | NULL | Prestable | NULL | NULL | Biblioteca Centro Regional de Ilobasco | Biblioteca Centro Regional de Ilobasco | Sala Principal | 01/03/2013 | UNICAES | LI001848 | 320.73 POI | 1038396 | 27/09/2016 | 27/09/2016 | 1- Monografias | |
| NULL | NULL | Dewey Decimal Classification | NULL | Prestable | NULL | NULL | Biblioteca Miguel de Cervantes - UNICAES | Biblioteca Miguel de Cervantes - UNICAES | American Space | 20/12/2018 | Donación - American Space | 000559 | 320.73 POI | 1045162 | 21/01/2019 | 21/01/2019 | 1- Monografias | |
| NULL | NULL | Dewey Decimal Classification | NULL | Prestable | NULL | NULL | Biblioteca Miguel de Cervantes - UNICAES | Biblioteca Miguel de Cervantes - UNICAES | American Space | 20/12/2018 | Donación - American Space | 000560 | 320.73 POI | 1045163 | 21/01/2019 | 21/01/2019 | 1- Monografias | |
| NULL | NULL | Dewey Decimal Classification | NULL | Prestable | NULL | NULL | Biblioteca Miguel de Cervantes - UNICAES | Biblioteca Miguel de Cervantes - UNICAES | American Space | 14/03/2019 | Donación - American Space | 000669 | 320.73 POI | 1045660 | 29/03/2019 | 29/03/2019 | 1- Monografias | |
| NULL | NULL | Dewey Decimal Classification | NULL | Prestable | NULL | NULL | Biblioteca Miguel de Cervantes - UNICAES | Biblioteca Miguel de Cervantes - UNICAES | American Space | 14/03/2019 | Donación - American Space | 000670 | 320.73 POI | 1045661 | 29/03/2019 | 29/03/2019 | 1- Monografias |